Introduction to solid state physics (Record no. 240529)
[ view plain ]
| 000 -LEADER | |
|---|---|
| fixed length control field | 01266nam a22002777a 4500 |
| 003 - CONTROL NUMBER IDENTIFIER | |
| control field | OSt |
| 005 - DATE AND TIME OF LATEST TRANSACTION | |
| control field | 20251013114332.0 |
| 008 - FIXED-LENGTH DATA ELEMENTS--GENERAL INFORMATION | |
| fixed length control field | 251013b |||||||| |||| 00| 0 eng d |
| 020 ## - INTERNATIONAL STANDARD BOOK NUMBER | |
| International Standard Book Number | 9788126578436 |
| 040 ## - CATALOGING SOURCE | |
| Transcribing agency | AL |
| 041 ## - LANGUAGE CODE | |
| Language code of text/sound track or separate title | eng |
| 082 ## - DEWEY DECIMAL CLASSIFICATION NUMBER | |
| Classification number | 530.41 |
| Item number | KITI |
| 100 ## - MAIN ENTRY--PERSONAL NAME | |
| Personal name | Charles Kittel |
| 9 (RLIN) | 242063 |
| 245 ## - TITLE STATEMENT | |
| Title | Introduction to solid state physics |
| 260 ## - PUBLICATION, DISTRIBUTION, ETC. | |
| Place of publication, distribution, etc. | New Delhi |
| Name of publisher, distributor, etc. | Wiley |
| Date of publication, distribution, etc. | 2024 |
| 300 ## - PHYSICAL DESCRIPTION | |
| Extent | xix,692p. |
| Other physical details | PB |
| Dimensions | 23.5x18cm |
| 365 ## - TRADE PRICE | |
| Source of price type code | Electronics and Communication Engineering |
| Price type code | ABDI/0818/25 |
| Price amount | 764.25 |
| Currency code | ₹ |
| Unit of pricing | 1019.00 |
| Price note | 25% |
| Price effective from | 03-10-2025 |
| 520 ## - SUMMARY, ETC. | |
| Summary, etc. | Introduction to solid state Physics has been the standard solid state Physics text for Physics majors. The author’s goal from the beginning has been to write a book that is accessible to undergraduate and consistently teachable. The emphasis in the book has always been on Physics rather than formal Mathematics. with each new edition, the author has attempted to add important new developments in the field without sacrificing the book’s accessibility and teach ability. |
| 650 ## - SUBJECT ADDED ENTRY--TOPICAL TERM | |
| Topical term or geographic name entry element | Crystal |
| 9 (RLIN) | 242064 |
| 650 ## - SUBJECT ADDED ENTRY--TOPICAL TERM | |
| Topical term or geographic name entry element | Nanostructure |
| 9 (RLIN) | 242065 |
| 650 ## - SUBJECT ADDED ENTRY--TOPICAL TERM | |
| Topical term or geographic name entry element | Alloys |
| 9 (RLIN) | 242066 |
| 650 ## - SUBJECT ADDED ENTRY--TOPICAL TERM | |
| Topical term or geographic name entry element | Polarons |
| 9 (RLIN) | 242067 |
| 650 ## - SUBJECT ADDED ENTRY--TOPICAL TERM | |
| Topical term or geographic name entry element | Global Edition |
| 9 (RLIN) | 242068 |
| 700 ## - ADDED ENTRY--PERSONAL NAME | |
| Personal name | McEuen, Paul |
| 9 (RLIN) | 242069 |
| 942 ## - ADDED ENTRY ELEMENTS (KOHA) | |
| Source of classification or shelving scheme | Dewey Decimal Classification |
| Koha item type | Book |
| Withdrawn status | Lost status | Source of classification or shelving scheme | Damaged status | Not for loan | Collection code | Home library | Current library | Date acquired | Source of acquisition | Cost, normal purchase price | Total Checkouts | Full call number | Barcode | Date last seen | Cost, replacement price | Price effective from | Koha item type |
|---|---|---|---|---|---|---|---|---|---|---|---|---|---|---|---|---|---|
| Dewey Decimal Classification | Information Science and Engineering | St Aloysius Engineering Library | St Aloysius Engineering Library | 10/03/2025 | Academic Book Distributors, Bengaluru-562159 | 764.25 | 530.41 KITI | SE000053 | 10/13/2025 | 1019.00 | 10/13/2025 | Book | |||||
| Dewey Decimal Classification | Information Science and Engineering | St Aloysius Engineering Library | St Aloysius Engineering Library | 10/03/2025 | Academic Book Distributors, Bengaluru-562159 | 764.25 | 530.41 KITI | SE000054 | 10/13/2025 | 1019.00 | 10/13/2025 | Book |